The second five year plan 1960-65 (Record no. 542617)

000 -LEADER
fixed length control field 00394nam a22001337a 4500
082 ## - DEWEY DECIMAL CLASSIFICATION NUMBER
Classification number 35100725491
Author Mark GOV
-- Ll-27: P-41
100 ## - MAIN ENTRY--PERSONAL NAME
Personal name Govt of Pakistan
9 (RLIN) 11105
110 ## - MAIN ENTRY--CORPORATE NAME
Corporate name or jurisdiction name as entry element Govt of Pakistan press Karachi
9 (RLIN) 37861
245 ## - TITLE STATEMENT
Title The second five year plan 1960-65
526 ## - STUDY PROGRAM INFORMATION NOTE
Program name 0
Interest level 0
Reading level 0
Title point value 351_007254910000000_GOV
526 ## - STUDY PROGRAM INFORMATION NOTE
Program name 0
Interest level 0
Reading level 0
Title point value 351_007254910000000_GOV
650 ## - SUBJECT ADDED ENTRY--TOPICAL TERM
Topical term or geographic name entry element MCE
9 (RLIN) 379
942 ## - ADDED ENTRY ELEMENTS (KOHA)
Source of classification or shelving scheme
Koha item type Book
Holdings
Withdrawn status Lost status Source of classification or shelving scheme Damaged status Not for loan Permanent Location Current Location Date acquired Total Checkouts Full call number Barcode Date last seen Price effective from Koha item type
          Military College of Engineering (MCE) Military College of Engineering (MCE) 02/06/2014   351.00725491 GOV MCE-1197 02/06/2014 03/14/2021 Book
          Military College of Engineering (MCE) Military College of Engineering (MCE) 02/11/2014   351.00725491 GOV MCE-1196 02/11/2014 03/14/2021 Book
© 2023 Central Library, National University of Sciences and Technology. All Rights Reserved.